| 000 | 00448nam a22001337a 4500 | ||
|---|---|---|---|
| 003 | SGT | ||
| 082 |
_a617.632 _bC24S |
||
| 100 | _aSingh, Nishtha | ||
| 245 |
_aClinical and Cytomorphological analysis of periodontal pocket after laser therapy as an adjunct to scaling and root planning in patients with chronic periodontitis _bA Cytological Analysis |
||
| 260 |
_bSGT University _c2024 |
||
| 300 | _a79 | ||
| 650 | _aPeriodontology | ||
| 942 |
_2ddc _cTH |
||
| 999 |
_c27140 _d27140 |
||